McCall's step by step sewing book; (Запис № 524085)

МАРК-запис
000 -LEADER
fixed length control field 01270nam a2200301 4500
001 - CONTROL NUMBER
control field mccallsstepbyste00newy
003 - CONTROL NUMBER IDENTIFIER
control field CaSfIA
005 - DATE AND TIME OF LATEST TRANSACTION
control field 20210118171643.0
007 - PHYSICAL DESCRIPTION FIXED FIELD--GENERAL INFORMATION
fixed length control field cr||||
008 - FIXED-LENGTH DATA ELEMENTS--GENERAL INFORMATION
fixed length control field 700121s1969 nyua 001 0 eng
010 ## - LIBRARY OF CONGRESS CONTROL NUMBER
LC control number 78008964
040 ## - CATALOGING SOURCE
Original cataloging agency DLC
Transcribing agency DLC
Modifying agency CaSfIA
035 ## - SYSTEM CONTROL NUMBER
System control number (OCoLC)51732
050 0# - LIBRARY OF CONGRESS CALL NUMBER
Classification number TT515
Item number .M238 1969
082 ## - DEWEY DECIMAL CLASSIFICATION NUMBER
Classification number 646.4/04
029 1# - (OCLC)
OCLC library identifier AU@
System control number 000000231714
245 00 - TITLE STATEMENT
Title McCall's step by step sewing book;
Medium [electronic resource]
Remainder of title revised guide to smart sewing.
260 ## - PUBLICATION, DISTRIBUTION, ETC. (IMPRINT)
Place of publication, distribution, etc [New York,
Name of publisher, distributor, etc McCall Corp.,
Date of publication, distribution, etc 1969]
300 ## - PHYSICAL DESCRIPTION
Extent 160 p.
Other physical details illus. (part col.)
Dimensions 29 cm.
500 ## - GENERAL NOTE
General note Cover title.
506 ## - RESTRICTIONS ON ACCESS NOTE
Standardized terminology for access restriction Необхідна авторизація на https://archive.org/ (створення облікового запису безкоштовно)
506 ## - RESTRICTIONS ON ACCESS NOTE
Standardized terminology for access restriction Необхідна авторизація на https://openlibrary.org/ (створення облікового запису безкоштовно)
650 #0 - SUBJECT ADDED ENTRY--TOPICAL TERM
Topical term or geographic name as entry element Dressmaking.
740 01 - ADDED ENTRY--UNCONTROLLED RELATED/ANALYTICAL TITLE
Uncontrolled related/analytical title Step by step sewing book.
856 41 - ELECTRONIC LOCATION AND ACCESS
Uniform Resource Identifier <a href="http://www.archive.org/details/mccallsstepbyste00newy">http://www.archive.org/details/mccallsstepbyste00newy</a>
Public note Free eBook from the Internet Archive
856 42 - ELECTRONIC LOCATION AND ACCESS
Uniform Resource Identifier <a href="http://www.openlibrary.org/books/OL4721761M">http://www.openlibrary.org/books/OL4721761M</a>
Public note Additional information and access via Open Library
942 ## - ADDED ENTRY ELEMENTS (KOHA)
Koha item type ЕКнига

Немає доступних примірників.